Estudios sobre las letras en el siglo XVIII (Temas españoles, temas hispano-portugueses. Temas hispano-italianos)

Bewaard in:
Bibliografische gegevens
Hoofdauteur: Rossi, Giuseppe Carlo
Formaat: Boek
Taal:Undetermined
Gepubliceerd in: Madrid, España Gredos 1967
Onderwerpen:
Tags: Voeg label toe
Geen labels, Wees de eerste die dit record labelt!

MARC

LEADER 00000nam a2200000Ia 4500
008 170316s9999 xx 000 0 und d
040 |a cru BVZT 
090 |a 862 R-21e 
100 |a Rossi, Giuseppe Carlo 
245 |a Estudios sobre las letras en el siglo XVIII (Temas españoles, temas hispano-portugueses. Temas hispano-italianos) 
260 |a Madrid, España 
260 |b Gredos 
260 |c 1967 
300 |a 334 páginas 
650 |a LITERATURA ESPAÑOLA 
999 |c 10362  |d 10362 
942 |c 15 D  |h 862 R-21e  |2 z